00574 2200181 4500001002100000008004100021035001900062245012400081100001500205260004200220300002800262020002100290084001500311082000900326650002300335990001700358990001700375INLIS000000000016277 Ind $a 0010-0325000064$a Harta karun nenek mallo : $b Belajar berani, sederhana, dan disiplin kepada pak jaksa (Baharuddin Lopa) / $c Anee Rahman$a Anee Rahman$a Jakarta: $b Bee Media Pustaka $c 2023 $a 44 hlm. ; $c 14,8x21 cm.$a 978-602-6227-71-3$a 910.9 Ane h$a 910.9$a Kisah Tokoh Teladan$a 34949/Sb/2024$a 34950/Sb/2024